000 00449nam a2200181Ia 4500
008 090123s9999 xx 000 0 und d
082 _b3706
100 _aत.रा.सु.
245 _aसर्प मत्सर
250 _a3
260 _c1974
300 _a290
600 _aत.रा.सु.
630 _aसर्प मत्सर
700 _aत.रा.सु.
730 _aसर्प मत्सर
942 _cBOOK
999 _c41785
_d41785